Countries Without the Letters in "TOGO" - Statistics

General Stats
  • This quiz has been taken 22 times
    10 since last reset
  • The average score is 35 of 64
Answer Stats
Continents Countries % Correct
North America Canada
100%
North America Bahamas
75%
North America Belize
75%
Africa Benin
75%
North America Cuba
75%
Oceania Fiji
75%
Africa Mali
75%
Africa Rwanda
75%
South America Suriname
75%
Europe Albania
50%
Asia Armenia
50%
Asia Azerbaijan
50%
Asia Bahrain
50%
Europe Belarus
50%
South America Brazil
50%
Asia Brunei
50%
Africa Burundi
50%
Africa Cape Verde
50%
Africa Chad
50%
South America Chile
50%
Asia China
50%
Asia Cyprus
50%
Europe Czechia
50%
Europe Denmark
50%
Europe Finland
50%
Europe France
50%
Europe Iceland
50%
Asia India
50%
Asia Iran
50%
Asia Iraq
50%
Europe Ireland
50%
Asia Israel
50%
North America Jamaica
50%
Asia Japan
50%
Africa Kenya
50%
Africa Liberia
50%
Africa Libya
50%
Africa Malawi
50%
Asia Malaysia
50%
Asia Maldives
50%
Oceania Marshall Islands
50%
Asia Myanmar
50%
Africa Namibia
50%
Oceania Nauru
50%
Asia Nepal
50%
Oceania New Zealand
50%
Oceania Palau
50%
North America Panama
50%
South America Peru
50%
Asia Philippines
50%
Europe Russia
50%
Asia Saudi Arabia
50%
Europe Serbia
50%
Africa Seychelles
50%
Europe Spain
50%
Asia Sri Lanka
50%
Africa Sudan
50%
Europe Sweden
50%
Asia Syria
50%
Europe Ukraine
50%
South America Venezuela
50%
Asia Yemen
50%
Africa Zambia
50%
Africa Zimbabwe
50%
No matching quizzes found
Score Distribution
Percent of People with Each Score
Percentile by Number Answered
Your Score History
You have not taken this quiz since the last reset